International relations theories : (Record no. 25507)
[ view plain ]
| 000 -LEADER | |
|---|---|
| fixed length control field | 01791cam a22003135a 4500 |
| 001 - CONTROL NUMBER | |
| control field | 18806518 |
| 005 - DATE AND TIME OF LATEST TRANSACTION | |
| control field | 20171026113509.0 |
| 008 - FIXED-LENGTH DATA ELEMENTS--GENERAL INFORMATION | |
| fixed length control field | 151005t2016 enk frbd 001 0 eng d |
| 010 ## - LIBRARY OF CONGRESS CONTROL NUMBER | |
| LC control number | 2015953848 |
| 020 ## - INTERNATIONAL STANDARD BOOK NUMBER | |
| International Standard Book Number | 9780198707561 (pbk.) |
| 040 ## - CATALOGING SOURCE | |
| Original cataloging agency | DLC |
| Language of cataloging | eng |
| Transcribing agency | DLC |
| Modifying agency | EG-ScBUE |
| 082 04 - DEWEY DECIMAL CLASSIFICATION NUMBER | |
| Classification number | 327.101 |
| Item number | INT |
| Edition number | 22 |
| 245 00 - TITLE STATEMENT | |
| Title | International relations theories : |
| Remainder of title | discipline and diversity / |
| Statement of responsibility, etc | edited by Tim Dunne, Milja Kurki, Steve Smith. |
| 250 ## - EDITION STATEMENT | |
| Edition statement | 4th ed. |
| 260 ## - PUBLICATION, DISTRIBUTION, ETC. (IMPRINT) | |
| Place of publication, distribution, etc | Oxford : |
| Name of publisher, distributor, etc | Oxford University Press, |
| Date of publication, distribution, etc | c.2016. |
| 300 ## - PHYSICAL DESCRIPTION | |
| Extent | xxiii, 364 p. ; |
| Dimensions | 25 cm. |
| 500 ## - GENERAL NOTE | |
| General note | Includes index. |
| 500 ## - GENERAL NOTE | |
| General note | Includes glossary. |
| 504 ## - BIBLIOGRAPHY, ETC. NOTE | |
| Bibliography, etc | Bibliography : p. 323-346. |
| 505 0# - FORMATTED CONTENTS NOTE | |
| Formatted contents note | Introduction : Diversity and disciplinarity in international relations theory / Steve Smith -- International relations and social science / Milja Kurki and Colin Wight -- Classical realism / Richard Ned Lebow -- Structural realism / John J. Mearsheimer -- Liberalism / Bruce Russell -- Neoliberalism / Jennifer Sterling-Folker -- The English school / Tim Dunne -- Marxism / Mark Rupert -- Critical theory / Steven C. Roach -- Constructivism / K.M. Fierke -- Feminism / J. Ann Tickner and Laura Sjoberg -- Poststructuralism / David Campbell and Roland Bleiker-- Postcolonialism / Shampa Biswas -- Normative international relations theory / Toni Erskine -- Green theory / Robyn Eckersley -- International relations theory and globalization / Colin Hay -- Still a discipline after all these debates? / Ole Waever -- Glossary. |
| 650 #7 - SUBJECT ADDED ENTRY--TOPICAL TERM | |
| Topical term or geographic name as entry element | International relations. |
| Source of heading or term | BUEsh |
| 651 ## - SUBJECT ADDED ENTRY--GEOGRAPHIC NAME | |
| Source of heading or term | BUEsh |
| 653 ## - INDEX TERM--UNCONTROLLED | |
| Resource For college | BAEPS, Political Science |
| Arrived date list | October2017 |
| 655 ## - INDEX TERM--GENRE/FORM | |
| Form subdivision | Text book |
| -- | 33728 |
| 700 1# - ADDED ENTRY--PERSONAL NAME | |
| Personal name | Dunne, Timothy, |
| Dates associated with a name | 1965-, |
| Relator term | editor. |
| 700 1# - ADDED ENTRY--PERSONAL NAME | |
| Personal name | Kurki, Milja, |
| Relator term | editor. |
| 700 1# - ADDED ENTRY--PERSONAL NAME | |
| Personal name | Smith, Steve, |
| Dates associated with a name | 1952-, |
| Relator term | editor. |
| 942 ## - ADDED ENTRY ELEMENTS (KOHA) | |
| Source of classification or shelving scheme | Dewey Decimal Classification |
| Withdrawn status | Item status | Source of classification or shelving scheme | Damaged status | Not for loan | Vendor | Home library | Current library | Shelving location | Date acquired | Source of acquisition | Cost, normal purchase price | Total Checkouts | Full call number | Barcode | Date last seen | Koha item type | Total Renewals | Date last borrowed |
|---|---|---|---|---|---|---|---|---|---|---|---|---|---|---|---|---|---|---|
| Dewey Decimal Classification | Baccah | Central Library | Central Library | First floor | 26/10/2017 | Purchase | 650.00 | 327.101 INT | 000042250 | 15/07/2025 | NB - Book (Non borrowing) | |||||||
| Dewey Decimal Classification | Baccah | Central Library | Central Library | First floor | 26/10/2017 | Purchase | 1 | 327.101 INT | 000042251 | 15/07/2025 | Book - Borrowing | 2 | 13/02/2019 | |||||
| Dewey Decimal Classification | Baccah | Central Library | Central Library | First floor | 26/10/2017 | Purchase | 327.101 INT | 000042252 | 15/07/2025 | Book - Borrowing | ||||||||
| Dewey Decimal Classification | Baccah | Central Library | Central Library | First floor | 26/10/2017 | Purchase | 1 | 327.101 INT | 000042253 | 15/07/2025 | Book - Borrowing | 20 | 11/10/2018 |